00222nam a2200085Ia 4500008004100000041000800041100001900049245003300068260003500101241105s9999 xx 000 0 und d aeng aDandage Shruti aLoving Hands Pet Care Centre bFinal Year B. Arch, BNCAc2014